Normal view
MARC view
- Hampton, David R
Entry Personal Name
001 - CONTROL NUMBER
- control field: 111900
003 - CONTROL NUMBER IDENTIFIER
- control field: NUST
005 - DATE AND TIME OF LATEST TRANSACTION
- control field: 20230413154051.0
008 - FIXED-LENGTH DATA ELEMENTS
- fixed length control field: 230413|| aca||aabn | a|a d
040 ## - CATALOGING SOURCE
- Original cataloging agency: NUST
- Transcribing agency: NUST
100 ## - HEADING--PERSONAL NAME
- Personal name: Hampton, David R
670 ## - SOURCE DATA FOUND
- Source citation: Work cat.: (NUST)0: Hampton, David R., Contemporary management /, c1977.
